Muslim personal law ke tahaffuz ka masla (Record no. 420887)

MARC details
000 -LEADER
fixed length control field 00715nam a2200265Ia 4500
003 - CONTROL NUMBER IDENTIFIER
control field OSt
005 - DATE AND TIME OF LATEST TRANSACTION
control field 20220924124749.0
008 - FIXED-LENGTH DATA ELEMENTS--GENERAL INFORMATION
fixed length control field 220923b |||||||| |||| 00| 0 urd d
037 ## - SOURCE OF ACQUISITION
Terms of availability Textual
040 ## - CATALOGING SOURCE
Original cataloging agency ARTS
Transcribing agency ARTS
Language of cataloging urd
041 ## - LANGUAGE CODE
Source of code urd
Language code of text/sound track or separate title urd
100 ## - MAIN ENTRY--PERSONAL NAME
Personal name Mahmood Tahir Au.
245 #0 - TITLE STATEMENT
Title Muslim personal law ke tahaffuz ka masla
260 ## - PUBLICATION, DISTRIBUTION, ETC.
Place of publication, distribution, etc. New Delhi
Name of publisher, distributor, etc. Zakir Hussain insturdte India
Date of publication, distribution, etc. 1972
300 ## - PHYSICAL DESCRIPTION
Extent 108p.
Dimensions cm.
650 ## - SUBJECT ADDED ENTRY--TOPICAL TERM
Topical term or geographic name entry element MUSLIMS
9 (RLIN) 26356
650 ## - SUBJECT ADDED ENTRY--TOPICAL TERM
Topical term or geographic name entry element LAW
9 (RLIN) 7240
942 ## - ADDED ENTRY ELEMENTS (KOHA)
Classification part Z(Q7),12, 168L2
Koha item type Textual
Source of classification or shelving scheme Colon Classification (CC)
Holdings
Withdrawn status Lost status Damaged status Not for loan Home library Current library Date acquired Cost, normal purchase price Total Checkouts Full call number Barcode Date last seen Cost, replacement price Price effective from Koha item type
        Arts Library Arts Library 2022-09-24 4.00   Z(Q7),12 168L2 AL0988574 2022-09-24 4.00 2022-09-24 Textual
Copyright @ Delhi University Library System